000 01014nam a2200289 a 4500
001 BRL_348
005 20190320210710.0
008 310713s1994----mx-a######---#000-0#spa-#
020 _a9683641431
041 _aspa
044 _amx
050 4 _aF1219
_bR35 1994
245 1 0 _aLa raíz fracturada
_btestimonios sobre los indios de México
_cintroducción, selección de textos e investigación iconográfica, Cristina Barros, Marco Buenrostro.
260 _aMéxico
_bASEMEX BANPAIS, Grupo Financiero : UNAM
_c1994
300 _a217 p.
_bil.
_c27 cm.
500 _aAu314
504 _aBibliografía : p. 214-216
650 1 4 _aIndígenas de México
_xHistoria
_922707
650 1 4 _aIndígenas de México
_xAntigüedades
_9509
650 1 4 _aIndígenas de México
_xVida social y costumbres
_910614
650 1 4 _aVisitantes extranjeros
_zMéxico
_923620
651 4 _aMéxico
_xAntigüedades
_92765
700 1 _aBarros, Cristina
_911024
700 1 _aBuenrostro, Marco
_911025
902 _aGRL
942 _2lcc
_cB
999 _c9161
_d9161